000 00353nam a2200133Ia 4500
008 240624s9999 xx 000 0 und d
041 _aeng
082 _a332.17 IIB
100 _aINDIAN INSTITUTE OF BANKING FINANCE
245 _aBANKING PRODUCTS AND SERVICES
260 _c2009
_aNew Delhi
_bTaxmann
300 _a144 : p. : cm. ; 22
365 _cRS
_b25
999 _c13982
_d13982